00737nam a2200181 i 450000100060000000300090000600500170001500700030003200800410003510000310007624501820010726000370028930000220032670000320034885200320038099900170041295201260042975429ES-MaACL20230906172440.0t|040924s1962 sp ||||1| spa d1 aGoyoaga, Restituto.95941510a¡Hijos! ¿Para qué? b: puntos de vista de la ciencia y de la moral católica en relación con los problemas genésicos / cRestituto Goyoaga ; prólogo de M. Usandizaga. aBilbao : b[Eléxpuru], c1962. a292 p. ; c15 cm.1 aUsandizaga, Manuel.9112292 aES-MaACLjC-21766 bR.50267 c75429d75429 00104070aATENEOMbATENEOMcGaleríad2008-01-17eSCl0oC-21766p1078950r2023-02-23 00:00:00w2023-02-23yMONOGRAFIA